000 01042nam a2200265 a 4500
001 BRCA_1777
005 20190320203538.0
008 980930s1997 mx-a---##b---s001-0#spa-#
020 _a9686951334 (Obra completa)
040 _aDLC
_cDLC
050 4 _aN6556.O2
_b.H57 1997
245 1 0 _aHistoria del arte de Oaxaca
_ccoordinadores Margarita Daltón Palomo, Verónica Loera y Chávez C.
260 _aOaxaca, México
_bGobierno del Estado de Oaxaca : Instituto Oaxaqueño de las Culturas
_c1997
300 _a3 v.
_bil. (algunas a color)
_c31 cm.
500 _aLa biblioteca solo cuenta con el v.2
500 _aColección Sonia Corcuera de Mancera
504 _aIncluye referencias bibliográficas e índice
505 0 _aContenido : v.1. Arte prehispánica. -- v.2. Colonia y siglo XIX. -- v.3. Arte contemporáneo
650 1 4 _aArte mexicano
_zOaxaca (Estado)
_95534
650 1 4 _aArte índígena
_zMéxico
_9597
700 1 _aDaltón Palomo, Margarita
_95535
700 1 _aLoera, Verónica
_95536
902 _aDSC
942 _2lcc
_cB
999 _c1559
_d1559